| 000 | 00588nam a2200169Ia 4500 | ||
|---|---|---|---|
| 003 | IN-BaIIA | ||
| 008 | 211028s9999 xx 000 0 eng d | ||
| 040 | _cIIA Library | ||
| 080 |
_a084.4:52 _bHAG |
||
| 100 |
_aHagen, I. G. _910822 |
||
| 245 | 0 |
_aAtlas stellarum variabilium _bcomplectens stellas variabiles intre limites declinationis + 25 et + 90 _cI. G. Hagen and C. W. Bruce |
|
| 260 |
_aBerlin _bFelix L. Dames _c1900 |
||
| 300 | _a[various pagings.] | ||
| 650 |
_aVariable stars _91140 |
||
| 700 |
_aBruce, C. W. _910823 |
||
| 942 | _cBK | ||
| 999 |
_c6304 _d6304 |
||